000 01237cam a2200385 i 4500
001 4626
003 KOSZ 005
005 20200404141132.0
008 971010s1989 pl a f f |001 0 pol
015 _aPB 1989/9385
020 _a8320409756
035 _a(OCoLC)830082320
040 _aKOSZ 005/HR
_cWA N
_dKOSZ 005/HR
046 _k1966
080 _a621.9
080 _a(083.1)
100 1 _aGórski, Eugeniusz
_d(1924-2017)
_eAutor
245 1 0 _aPoradnik narzędziowca /
_cEugeniusz Górski.
250 _aWyd. 5 popr. i uzup.
260 _aWarszawa :
_bWydawnictwa Naukowo-Techniczne,
_c1989.
300 _a676 s. :
_bfot., rys., wykr. ;
_c21 cm.
336 _2rdacontent
_aTekst
_btxt
337 _2rdamedia
_aBez urządzenia pośredniczącego
_bn
338 _2rdacarrier
_aWolumin
_bnc
380 _aKsiążki
380 _aPublikacje fachowe
388 _a1901-2000
504 _aBibliogr. s. 661-662. - Indeks.
650 4 _aSkrawanie
650 4 _aNarzędzia
658 _aInżynieria i technika
710 2 _aWydawnictwa Naukowo-Techniczne
_4pbl.
856 _uhttp://koha.tu.koszalin.pl/cgi-bin/koha/opac-detail.pl?biblionumber=4626
_yKatalog online BPK
942 _2UKD
_cKS
999 _c4626
_d4626